Teacher's guide for the sight word story books and the primer (Record no. 64502)
[ view plain ]
| 000 -LEADER | |
|---|---|
| fixed length control field | 00264nam a2200109 4500 |
| 082 0# - DEWEY DECIMAL CLASSIFICATION NUMBER | |
| Classification number | 371.3 |
| 245 11 - TITLE STATEMENT | |
| Title | Teacher's guide for the sight word story books and the primer |
| 250 ## - EDITION STATEMENT | |
| Edition statement | Trial Edition |
| 260 ## - PUBLICATION, DISTRIBUTION, ETC. (IMPRINT) | |
| Place of publication, distribution, etc | Khartoum |
| Date of publication, distribution, etc | c.2001 |
| 300 ## - PHYSICAL DESCRIPTION | |
| Extent | 31 p. |
| 942 ## - ADDED ENTRY ELEMENTS (KOHA) | |
| Source of classification or shelving scheme | |
| Koha item type | Books |
No items available.
